000 01292nam0a22002891 4500
001 rc\4960703
005 20130426163909.4
035 _a(NLR Aleph) 008862270
090 _a8468767
_c8468767
100 _a20130426d1963 |||y0rusy50 ca
101 0 _arus
102 _aRU
105 _ay j |||||
200 1 _aХарактеристика поражаемости расами бурой и стеблевой ржавчины образцов пшениц из мировой коллекции ВИР
_eМетод. пособие селекционерам
_fМ-во с. х. СССР. Всесоюз. науч.-исслед. ин-т защиты растений. Всесоюз. науч.-исслед. ин-т растениеводства
210 _aЛенинград
_cБ. и.
_d1963
215 _a83 с.
_d20
300 _aПеред загл. авт.: Е.Г. Рассадина, В.В. Шопина, М.М. Якубцинер
300 _aНа обл. авт. не указаны
333 _aПродаже не подлежит
700 1 _aРассадина
_bЕ. Г.
701 1 _aШопина
_bВ. В.
701 1 _aЯкубцинер
_bМ. М.
801 0 _aRU
_bNLR
_gpsbo
801 1 _aRU
_bELAR
_2rusmarc
852 _aNLR
_j63-4/14332
942 _cBOOK
980 _aNB